Rátkai papucsosmester örökíti tudományát bebarangolta fél Ázsiát a tanonc /
Elmentve itt :
| Szerzők: | |
|---|---|
| Dokumentumtípus: | Cikk |
| Megjelent: |
2003-03-20
|
| Sorozat: | Délmagyarország
93 No. 66 |
| Kulcsszavak: | Rátkai Sándor, Szeged, Kézműipar papucsos Szeged, Népi iparművészet Szeged |
| Online Access: | http://dmarchiv.bibl.u-szeged.hu/131269 |
| LEADER | 00610nab a2200169 i 4500 | ||
|---|---|---|---|
| 001 | delm131269 | ||
| 005 | 20191125134937.0 | ||
| 008 | 191125s2003 hu o 0|| hun d | ||
| 040 | |a SZTE Délmagyarország Archívum |b hun | ||
| 041 | |a hun | ||
| 100 | 1 | |a Bátyi Zoltán | |
| 245 | 1 | 0 | |a Rátkai papucsosmester örökíti tudományát |h [elektronikus dokumentum] : |b bebarangolta fél Ázsiát a tanonc / |c Bátyi Zoltán |
| 260 | |c 2003-03-20 | ||
| 300 | |a 6 | ||
| 490 | 0 | |a Délmagyarország |v 93 No. 66 | |
| 695 | |a Rátkai Sándor, Szeged, Kézműipar papucsos Szeged, Népi iparművészet Szeged | ||
| 700 | 0 | 1 | |a Rátkai Sándor |e aut |